[Event "Mogi das Cruzes op 08"]
[Site "Mogi das Cruzes"]
[Date "2013.08.18"]
[Round "5"]
[White "Garkauskas, Otto Dmitry"]
[Black "Silva, Igor dos Santos"]
[Result "1-0"]
[WhiteElo "2089"]
[BlackElo "1919"]
[PlyCount "63"]
[EventDate "2013.08.16"]
[EventType "swiss"]
[EventRounds "6"]
[EventCountry "BRA"]
[SourceTitle "CBM 155 Extra"]
[Source "ChessBase"]
[SourceDate "2013.08.26"]
[SourceVersion "1"]
[SourceVersionDate "2013.08.26"]
[SourceQuality "1"]

1. d4 b5 2. e4 Bb7 3. Bd3 Nf6 4. Qe2 e6 5. Nf3 a6 6. 0-0 c5 7. c3 Be7 8. Re1 0-0 9. dxc5 Bxc5 10. e5 Bxf3 11. Qxf3 Nd5 12. Be4 f6 13. Bxd5 fxe5 14. Bxa8 Rxf3 15. Bxf3 d6 16. Be3 Nd7 17. Nd2 Qb6 18. Bxc5 Nxc5 19. Ne4 Nd3 20. Red1 Nxf2 21. Nxf2 d5 22. Re1 e4 23. Bxe4 dxe4 24. Rxe4 a5 25. a3 h5 26. Rae1 Qc5 27. g3 Qd5 28. Re5 Qd2 29. R1e2 Qc1+ 30. Kg2 b4 31. axb4 axb4 32. Nd3 1-0

[Event "Ribeira Valley op 9th"]
[Site "Registro"]
[Date "2013.08.01"]
[Round "5"]
[White "Silva, Igor dos Santos"]
[Black "Montufar Berrios, Eymi Priscila"]
[Result "1-0"]
[WhiteElo "1919"]
[BlackElo "1483"]
[PlyCount "29"]
[EventDate "2013.07.30"]
[EventType "swiss"]
[EventRounds "9"]
[EventCountry "BRA"]
[SourceTitle "CBM 155 Extra"]
[Source "ChessBase"]
[SourceDate "2013.08.26"]
[SourceVersion "1"]
[SourceVersionDate "2013.08.26"]
[SourceQuality "1"]

1. b3 c5 2. Bb2 d6 3. e3 Nf6 4. f4 Nc6 5. Nf3 e6 6. a3 Be7 7. Bd3 0-0 8. 0-0 Bd7 9. Qe1 a6 10. Nc3 b5 11. Qg3 b4 12. Ne4 a5 13. Qh3 e5 14. Nxf6+ Bxf6 15. Qxh7# 1-0

[Event "BRA-ch Amateur"]
[Site "Sao Paulo"]
[Date "2013.02.11"]
[Round "6"]
[White "Lopes, Edson"]
[Black "Silva, Igor dos Santos"]
[Result "0-1"]
[WhiteElo "1674"]
[BlackElo "1933"]
[PlyCount "56"]
[EventDate "2013.02.09"]
[EventType "swiss"]
[EventRounds "7"]
[EventCountry "BRA"]
[SourceTitle "CBM 152 Extra"]
[Source "ChessBase"]
[SourceDate "2013.02.25"]
[SourceVersion "1"]
[SourceVersionDate "2013.02.25"]
[SourceQuality "1"]

1. e4 c5 2. Nf3 Nc6 3. d4 cxd4 4. Nxd4 g6 5. c3 Bg7 6. Be3 Nf6 7. Nd2 0-0 8. Bd3 d5 9. exd5 Nxd5 10. N2f3 Nxe3 11. fxe3 Qb6 12. Qb3 e5 13. Qxb6 axb6 14. Nc2 Rd8 15. Bc4 Bf5 16. Rc1 b5 17. Bb3 Na5 18. 0-0 Nxb3 19. axb3 Ra2 20. Na3 Rxb2 21. b4 Ra8 22. Ra1 Bd3 23. Rfd1 e4 24. Nd4 Bxd4 25. exd4 Ra4 26. d5 Kf8 27. d6 Ke8 28. h3 Rb3 0-1

[Event "Paulista-ch Interior"]
[Site "Itapetininga"]
[Date "2012.11.03"]
[Round "4"]
[White "Alboredo, Julia"]
[Black "Silva, Igor dos Santos"]
[Result "0-1"]
[WhiteElo "1791"]
[BlackElo "1918"]
[PlyCount "90"]
[EventDate "2012.11.02"]
[EventType "swiss"]
[EventRounds "6"]
[EventCountry "BRA"]
[SourceTitle "CBM 151 Extra"]
[Source "ChessBase"]
[SourceDate "2012.12.18"]
[SourceVersion "1"]
[SourceVersionDate "2012.12.18"]
[SourceQuality "1"]

1. e4 b6 2. d4 Bb7 3. Bd3 Nf6 4. Qe2 e6 5. Nf3 c5 6. c3 Be7 7. 0-0 Nc6 8. h3 cxd4 9. cxd4 Nb4 10. Nc3 Nxd3 11. Qxd3 0-0 12. Re1 Rc8 13. Bf4 a6 14. d5 Bb4 15. Bg5 h6 16. Bxf6 Qxf6 17. e5 Qg6 18. Qxg6 fxg6 19. dxe6 dxe6 20. Nd4 Rxc3 21. bxc3 Bxc3 22. Nxe6 Re8 23. Nf4 g5 24. Nd3 Bxa1 25. Rxa1 Be4 26. Rd1 Bxd3 27. Rxd3 Rxe5 28. Rf3 Kh7 29. Rd3 Re1+ 30. Kh2 Re2 31. Ra3 a5 32. Kg3 Rb2 33. Kf3 Kg6 34. Rb3 Rxb3+ 35. axb3 Kf5 36. Ke3 Ke5 37. Kd3 b5 38. Ke3 a4 39. bxa4 bxa4 40. Kd3 a3 41. Kc3 Ke4 42. Kb3 Kd3 43. g3 Ke2 44. f4 gxf4 45. gxf4 Kf3 0-1

[Event "Sao Paulo Escola Politecnica 1st"]
[Site "Sao Paulo"]
[Date "2011.10.23"]
[Round "10.3"]
[White "Silva, Igor dos Santos"]
[Black "Raimundo, Airton Carlos Nunes"]
[Result "0-1"]
[WhiteElo "1946"]
[BlackElo "2057"]
[PlyCount "78"]
[EventDate "2011.10.14"]
[EventType "tourn"]
[EventRounds "11"]
[EventCountry "BRA"]
[SourceTitle "EXT 2022"]
[Source "ChessBase"]
[SourceDate "2021.10.06"]
[SourceVersion "1"]
[SourceVersionDate "2021.10.06"]
[SourceQuality "1"]

1. d4 Nf6 2. c4 c5 3. d5 b5 4. cxb5 a6 5. bxa6 Bxa6 6. Nc3 g6 7. Nf3 d6 8. g3 Bg7 9. e4 Bxf1 10. Kxf1 Nbd7 11. h3 0-0 12. Kg2 Nb6 13. Re1 Nfd7 14. Bf4 Nc4 15. Qc2 Qa5 16. Nd1 Qb5 17. a4 Qb4 18. Re2 Rfb8 19. Ne1 Nde5 20. Bxe5 Nxe5 21. f4 Nd7 22. Nd3 Qd4 23. a5 c4 24. Ne1 Nc5 25. Ra3 Rb3 26. Nf3 Qd3 27. Qxd3 cxd3 28. Rd2 Rxa3 29. bxa3 Rxa5 30. e5 Rxa3 31. Rb2 h6 32. Rb8+ Kh7 33. Re8 Ra2+ 34. Kf1 Ne4 35. exd6 Nxg3+ 36. Kg1 exd6 37. Re3 Ne2+ 38. Kf1 Nxf4 39. Ne1 Ra1 0-1

[Event "Sao Paulo Escola Politecnica 1st"]
[Site "Sao Paulo"]
[Date "2011.10.20"]
[Round "6.5"]
[White "Silva, Igor dos Santos"]
[Black "Ribeiro, Marcos Willian de S"]
[Result "0-1"]
[WhiteElo "1946"]
[BlackElo "1961"]
[PlyCount "92"]
[EventDate "2011.10.14"]
[EventType "tourn"]
[EventRounds "11"]
[EventCountry "BRA"]
[SourceTitle "EXT 2022"]
[Source "ChessBase"]
[SourceDate "2021.10.06"]
[SourceVersion "1"]
[SourceVersionDate "2021.10.06"]
[SourceQuality "1"]

1. d4 Nf6 2. c4 g6 3. Nc3 Bg7 4. Nf3 0-0 5. Bg5 d6 6. e3 c5 7. Be2 h6 8. Bh4 cxd4 9. exd4 Qb6 10. Qd2 Bf5 11. h3 Nc6 12. 0-0 e5 13. Bxf6 Bxf6 14. Nd5 Qd8 15. Nxf6+ Qxf6 16. d5 Nd4 17. Nxd4 exd4 18. Rfd1 Rfe8 19. Bd3 Re5 20. Bxf5 Qxf5 21. Qxd4 Rae8 22. Kf1 Re4 23. Qxa7 Re2 24. b3 R8e3 25. Qxe3 Rxe3 26. Re1 Qd3+ 27. Kg1 Rxe1+ 28. Rxe1 Qd2 29. Re7 Kg7 30. Rxb7 Qe1+ 31. Kh2 Qxf2 32. a4 g5 33. a5 Qf4+ 34. Kg1 Qe3+ 35. Kf1 Qd3+ 36. Ke1 Qc3+ 37. Ke2 Qxa5 38. Kf3 Qc3+ 39. Kf2 Kg6 40. Ke2 f5 41. Rb6 Qc2+ 42. Ke1 Qc3+ 43. Ke2 Qe5+ 44. Kf1 Qf4+ 45. Ke2 Qe4+ 46. Kf1 Qd3+ 0-1

[Event "BRA-ch Amateur"]
[Site "Sao Paulo"]
[Date "2011.03.06"]
[Round "4"]
[White "Silva, Igor dos Santos"]
[Black "Moretti, Marcos Paulo"]
[Result "1-0"]
[WhiteElo "1949"]
[BlackElo "1758"]
[PlyCount "111"]
[EventDate "2011.03.05"]
[EventType "swiss"]
[EventRounds "7"]
[EventCountry "BRA"]
[SourceTitle "EXT 2014"]
[Source "ChessBase"]
[SourceDate "2013.11.20"]
[SourceVersion "1"]
[SourceVersionDate "2013.11.20"]
[SourceQuality "1"]

1. d4 e6 2. c4 Nf6 3. g3 Bb4+ 4. Bd2 Qe7 5. Bg2 Bxd2+ 6. Nxd2 d6 7. Ngf3 e5 8. 0-0 Nc6 9. e3 0-0 10. Qc2 a5 11. a3 Bg4 12. Rfe1 Bh5 13. c5 dxc5 14. dxe5 Nd7 15. Rac1 Bg6 16. Qc3 Ncxe5 17. Nxe5 Nxe5 18. Red1 Nd3 19. Rc2 c6 20. Nb3 c4 21. Qxc4 Ne5 22. Qc5 Qxc5 23. Rxc5 a4 24. Rxe5 axb3 25. Re7 Bc2 26. Rdd7 b5 27. Bxc6 Rxa3 28. Bd5 Ra1+ 29. Kg2 Bg6 30. Bxb3 Rb1 31. Rd2 h5 32. Kf3 Kh7 33. Rb7 Rc8 34. Rxb5 Rbc1 35. Rd7 R8c7 36. Rxc7 Rxc7 37. Bd5 Bf5 38. Be4 Bxe4+ 39. Kxe4 Rc2 40. Kf3 g6 41. b4 Rb2 42. Rb8 Kg7 43. b5 Rb4 44. b6 Kf6 45. b7 Kf5 46. e4+ Kf6 47. h4 Rb2 48. Ke3 Rb3+ 49. Kf4 Rb4 50. f3 Ke7 51. Kg5 Rb5+ 52. Kh6 Kf6 53. g4 hxg4 54. fxg4 Ke7 55. Kg7 f5 56. Rf8 1-0

[Event "Sao Paulo Sudeste op"]
[Site "Sao Paulo"]
[Date "2011.??.??"]
[Round "3"]
[White "Fernandez, Maria Florencia"]
[Black "Silva, Igor dos Santos"]
[Result "1-0"]
[WhiteElo "2152"]
[BlackElo "1946"]
[PlyCount "45"]
[EventDate "2011.09.22"]
[EventType "swiss"]
[EventRounds "7"]
[EventCountry "BRA"]
[SourceTitle "CBM 144 Extra"]
[Source "ChessBase"]
[SourceDate "2011.10.28"]
[SourceVersion "1"]
[SourceVersionDate "2011.10.28"]
[SourceQuality "1"]

1. d4 Nf6 2. c4 c5 3. d5 e5 4. Nc3 d6 5. e4 Be7 6. f3 0-0 7. Be3 Nbd7 8. g4 Ne8 9. Nge2 Bg5 10. Qd2 Bxe3 11. Qxe3 Qh4+ 12. Ng3 g6 13. 0-0-0 a6 14. Rg1 Ng7 15. Bd3 Re8 16. Rd2 Nf8 17. Rdg2 Bd7 18. Nf5 Qf6 19. Nh6+ Kh8 20. g5 Qe7 21. f4 f5 22. fxe5 fxe4 23. exd6 1-0

[Event "Sao Paulo Sudeste op"]
[Site "Sao Paulo"]
[Date "2011.??.??"]
[Round "5"]
[White "Van Riemsdijk, Dirk Dagobert"]
[Black "Silva, Igor dos Santos"]
[Result "1-0"]
[WhiteElo "2132"]
[BlackElo "1946"]
[PlyCount "47"]
[EventDate "2011.09.22"]
[EventType "swiss"]
[EventRounds "7"]
[EventCountry "BRA"]
[SourceTitle "CBM 144 Extra"]
[Source "ChessBase"]
[SourceDate "2011.10.28"]
[SourceVersion "1"]
[SourceVersionDate "2011.10.28"]
[SourceQuality "1"]

1. e4 c5 2. c3 Nc6 3. d4 d5 4. exd5 Qxd5 5. Nf3 Nf6 6. Be2 cxd4 7. cxd4 e6 8. Nc3 Qd6 9. Bg5 Be7 10. Bxf6 Bxf6 11. 0-0 Nxd4 12. Nxd4 Qxd4 13. Bb5+ Bd7 14. Qb3 Rd8 15. Rad1 Qb6 16. Rxd7 Rxd7 17. Rd1 Bd4 18. Bxd7+ Kxd7 19. Qa4+ Ke7 20. Rxd4 Rc8 21. Qd7+ Kf6 22. g3 Rc7 23. Qd8+ Ke5 24. f4+ 1-0

[Event "Sao Bernardo LXSBC 3rd"]
[Site "Sao Bernardo do Campo"]
[Date "2008.09.27"]
[Round "6"]
[White "Madeira, Wagner Martins"]
[Black "Silva, Igor dos Santos"]
[Result "1-0"]
[WhiteElo "2265"]
[BlackElo "1962"]
[PlyCount "39"]
[EventDate "2008.09.27"]
[EventType "swiss"]
[EventRounds "6"]
[EventCountry "BRA"]
[SourceTitle "EXT 2022"]
[Source "ChessBase"]
[SourceDate "2021.10.06"]
[SourceVersion "1"]
[SourceVersionDate "2021.10.06"]
[SourceQuality "1"]

1. e4 c5 2. c3 d5 3. exd5 Qxd5 4. d4 Nc6 5. Nf3 Nf6 6. Be2 cxd4 7. cxd4 e6 8. Nc3 Qd6 9. 0-0 Be7 10. a3 a6 11. Be3 b5 12. Ne5 Nxe5 13. dxe5 Qxe5 14. Bf3 Rb8 15. Ba7 Bd6 16. g3 Rb7 17. Bxb7 Bxb7 18. Re1 Qf5 19. Qxd6 Qh3 20. Rxe6+ 1-0